Tuyển chọn 40 bài trắc nghiệm động từ và các thì trong tiếng anh
Gespeichert in:
| 1. Verfasser: | |
|---|---|
| Format: | Buch |
| Sprache: | Undetermined |
| Veröffentlicht: |
Thành phố Hồ Chí Minh
Thanh Niên
2003
|
| Schlagworte: | |
| Tags: |
Tag hinzufügen
Keine Tags, Fügen Sie den ersten Tag hinzu!
|
| Thư viện lưu trữ: | Trung tâm Học liệu Trường Đại học Cần Thơ |
|---|
| LEADER | 00657nam a2200205Ia 4500 | ||
|---|---|---|---|
| 001 | CTU_92971 | ||
| 008 | 210402s9999 xx 000 0 und d | ||
| 020 | |c 26000 | ||
| 082 | |a 425 | ||
| 082 | |b B774 | ||
| 100 | |a Bourke, Kenna | ||
| 245 | 0 | |a Tuyển chọn 40 bài trắc nghiệm động từ và các thì trong tiếng anh | |
| 245 | 0 | |c Kenna Bourke ; Xuân Thảo (dịch) | |
| 260 | |a Thành phố Hồ Chí Minh | ||
| 260 | |b Thanh Niên | ||
| 260 | |c 2003 | ||
| 650 | |a English language,English language | ||
| 650 | |x Verbs,Tense | ||
| 904 | |i Mai Loan, QHieu | ||
| 980 | |a Trung tâm Học liệu Trường Đại học Cần Thơ | ||